Statistics for V Vocabulary Words Quiz #1

Click here to take the quiz!

General Stats

  • This quiz has been taken 31,423 times
  • The average score is 13 of 20

Answer Stats

DefinitionWord% Correct
Toxin injected by a snake biteVenom
97%
Where grapes are grownVineyard
95%
Person who damages propertyVandal
86%
Instrument that is like a large violinViola
82%
Overly proud, especially about appearanceVain
78%
Term for animals
that are pests or nuisances
Vermin
76%
The graduate with the best gradesValedictorian
72%
Large tubVat
66%
SingerVocalist
64%
Opposite of proseVerse
61%
Unstable; potentially explosiveVolatile
58%
Parish priest in the Church of EnglandVicar
55%
One's profession or tradeVocation
55%
Word for wordVerbatim
55%
Sexy and curvaceousVoluptuous
54%
South African soccer game noisemakerVuvuzela
49%
The intersection of two edges on a polygonVertex
48%
One who owes fealty to a superior
in the the feudal system
Vassal
40%
Thin, decorative layer over
a coarser material
Veneer
39%
Those at the forefront of an army
or a social movement
Vanguard
29%

Score Distribution

Percentile by Number Answered

Percent of People with Each Score

Your Score History

You have not taken this quiz